000 00651nam a22002297a 4500
005 20170124110035.0
010 _aTA-004853
020 _c00.00
_a333907469
035 _aTA-004853
037 _bCen Lib/Ret
040 _aDPL
_bEN
082 _a370
_bVEN
100 _aVenkatasubramanian, K.
_922510
245 _aIssues in education /
_cby K. Venkatasubramanian
260 _aMadras
_bMacmillan
_c1982
270 _bMadras
_e600002
300 _avi,229p.
_c20cm(Hb)
500 _aIncludes bibliographical references
650 _aMotivation in education
_922511
650 _aEducation
_91169
942 _2ddc
_cEN
_h370
_mVEN
999 _c128140
_d128140